Pain & gain / Paramount Pictures presents ; a De Line Pictures production ; a Michael Bay film ; produced by Donald De Line, Michael Bay, Ian Bryce ; screenplay by Christopher Markus & Stephen McFeely ; directed by Michael Bay.
When an ambitious group of personal trainers go after the American dream, they get caught up in a criminal enterprise that goes horribly wrong. Now, living large will take everything they've got.
Record details
- ISBN: 9781415773420
- ISBN: 1415773424
- ISBN: 9781415773512
- ISBN: 1415773513
- Physical Description: 1 videodisc (129 min.) : sound, color ; 4 3/4 in.
- Publisher: Hollywood, Calif. : Paramount, [2013]
Content descriptions
| General Note: | Originally released as a motion picture in 2013. Based on the magazine articles by Pete Collins. |
| Creation/Production Credits Note: | Music, Steve Jablonsky ; editors, Thomas A. Muldoon, Joel Negron ; director of photography, Ben Seresin. |
| Participant or Performer Note: | Mark Wahlberg, Dwayne Johnson, Anthony Mackie, Tony Shalhoub, Rob Corddry, Ken Jeong, Michael Rispoli, Rebel Wilson, Ed Harris. |
| Target Audience Note: | MPAA rating: R; for bloody violence, crude sexual content, nudity, language throughout and drug use. |
| Language Note: | English, dubbed French, or dubbed Spanish dialogue; English, French, Spanish, or Portuguese subtitles; closed-captioned. Audio described. |
Search for related items by subject
| Subject: | Personal trainers > Drama. Crime > Drama. |
| Genre: | Feature films. Crime films. Action and adventure films. Video recordings for the hearing impaired. Video recordings for people with visual disabilities. Film adaptations. |
Available copies
- 1 of 1 copy available at scottsboropl.
Holds
- 0 current holds with 1 total copy.
Show Only Available Copies
| Location | Call Number / Copy Notes | Barcode | Shelving Location | Status | Due Date |
|---|---|---|---|---|---|
| scottsboropl | DVD Pai | 32269001069411 | Adult - DVD | Available | - |
| LDR | 03573ngm a2200877Ia 4500 | ||
|---|---|---|---|
| 001 | 147658 | ||
| 003 | CONS | ||
| 005 | 20180628080957.0 | ||
| 007 | vd cvaizq | ||
| 008 | 130709s2013 cau129 vleng d | ||
| 020 | . | ‡a9781415773420 | |
| 020 | . | ‡a1415773424 | |
| 020 | . | ‡a9781415773512 | |
| 020 | . | ‡a1415773513 | |
| 024 | 1 | . | ‡a097363411444 |
| 024 | 1 | . | ‡a032429136626 |
| 024 | 1 | . | ‡a883929393756 |
| 024 | 1 | . | ‡a032429257659 |
| 024 | 1 | . | ‡a032429259974 |
| 024 | 7 | . | ‡a00032429257659 ‡2gtin-14 |
| 028 | 4 | 2. | ‡a34114 ‡bParamount |
| 028 | 4 | 2. | ‡a7913662 ‡bParamount |
| 035 | . | ‡a(CPomAG)LMN607213 | |
| 041 | 1 | . | ‡aeng ‡afre ‡aspa ‡jeng ‡jfre ‡jpor ‡jspa ‡heng |
| 043 | . | ‡an-us-fl | |
| 050 | 4. | ‡aPN1997.2 ‡b.P35 2013 | |
| 082 | 0 | 4. | ‡a791.43/72 ‡223 |
| 245 | 0 | 0. | ‡aPain & gain / ‡cParamount Pictures presents ; a De Line Pictures production ; a Michael Bay film ; produced by Donald De Line, Michael Bay, Ian Bryce ; screenplay by Christopher Markus & Stephen McFeely ; directed by Michael Bay. |
| 246 | 3 | . | ‡aPain and gain |
| 260 | . | ‡aHollywood, Calif. : ‡bParamount, ‡c[2013] | |
| 300 | . | ‡a1 videodisc (129 min.) : ‡bsound, color ; ‡c4 3/4 in. | |
| 336 | . | ‡atwo-dimensional moving image ‡btdi ‡2rdacontent | |
| 337 | . | ‡avideo ‡bv ‡2rdamedia | |
| 338 | . | ‡avideodisc ‡bvd ‡2rdacarrier | |
| 344 | . | ‡adigital ‡boptical ‡gsurround ‡hDolby Digital 5.1 ‡2rda | |
| 346 | . | ‡bNTSC ‡2rda | |
| 347 | . | ‡avideo file ‡bDVD video ‡eregion 1 ‡2rda | |
| 500 | . | ‡aOriginally released as a motion picture in 2013. | |
| 500 | . | ‡aBased on the magazine articles by Pete Collins. | |
| 508 | . | ‡aMusic, Steve Jablonsky ; editors, Thomas A. Muldoon, Joel Negron ; director of photography, Ben Seresin. | |
| 511 | 1 | . | ‡aMark Wahlberg, Dwayne Johnson, Anthony Mackie, Tony Shalhoub, Rob Corddry, Ken Jeong, Michael Rispoli, Rebel Wilson, Ed Harris. |
| 520 | . | ‡aWhen an ambitious group of personal trainers go after the American dream, they get caught up in a criminal enterprise that goes horribly wrong. Now, living large will take everything they've got. | |
| 521 | 8 | . | ‡aMPAA rating: R; for bloody violence, crude sexual content, nudity, language throughout and drug use. |
| 546 | . | ‡aEnglish, dubbed French, or dubbed Spanish dialogue; English, French, Spanish, or Portuguese subtitles; closed-captioned. Audio described. | |
| 650 | 0. | ‡aPersonal trainers ‡vDrama. | |
| 650 | 0. | ‡aCrime ‡vDrama. | |
| 655 | 7. | ‡aFeature films. ‡2lcgft | |
| 655 | 7. | ‡aCrime films. ‡2lcgft | |
| 655 | 7. | ‡aAction and adventure films. ‡2lcgft | |
| 655 | 7. | ‡aVideo recordings for the hearing impaired. ‡2lcgft | |
| 655 | 7. | ‡aVideo recordings for people with visual disabilities. ‡2lcgft | |
| 655 | 7. | ‡aFilm adaptations. ‡2lcgft | |
| 700 | 1 | . | ‡aBay, Michael, ‡d1964- |
| 700 | 1 | . | ‡aDe Line, Donald. |
| 700 | 1 | . | ‡aBryce, Ian. |
| 700 | 1 | . | ‡aJablonsky, Steve. |
| 700 | 1 | . | ‡aSeresin, Ben. |
| 700 | 1 | . | ‡aMuldoon, Thomas A. |
| 700 | 1 | . | ‡aNegron, Joel. |
| 700 | 1 | . | ‡aMarkus, Christopher. |
| 700 | 1 | . | ‡aMcFeely, Stephen. |
| 700 | 1 | . | ‡aCollins, Pete ‡c(Professor) |
| 700 | 1 | . | ‡aWahlberg, Mark, ‡d1971- |
| 700 | 1 | . | ‡aJohnson, Dwayne, ‡d1972- |
| 700 | 1 | . | ‡aMackie, Anthony, ‡d1978- |
| 700 | 1 | . | ‡aShalhoub, Tony, ‡d1953- |
| 700 | 1 | . | ‡aHarris, Ed, ‡d1950- |
| 700 | 1 | . | ‡aCorddry, Rob. |
| 700 | 1 | . | ‡aRispoli, Michael. |
| 700 | 1 | . | ‡aJeong, Ken, ‡d1969- |
| 700 | 1 | . | ‡aWilson, Rebel. |
| 710 | 2 | . | ‡aDe Line Pictures (Firm) |
| 710 | 2 | . | ‡aParamount Pictures Corporation. |
| 914 | . | ‡aSCP_kt | |
| 959 | . | ‡i32269001069411 ‡lDVD Pai ‡aAdult - DVD ‡tDVD ‡g15.00 | |
| 852 | . | ‡p32269001069411 ‡jDVD Pai ‡gAdult - DVD ‡cDVD ‡y15.00 ‡bSBPL | |
| 901 | . | ‡a147658 ‡bUnknown ‡c147658 ‡tbiblio | |